[Event "Arad op 12th"]
[Site "Arad"]
[Date "2019.07.27"]
[Round "5"]
[White "Mihalca, Imre Gheorghe"]
[Black "Chima, Radu Niculin"]
[Result "1/2-1/2"]
[WhiteElo "1735"]
[BlackElo "2105"]
[PlyCount "244"]
[EventDate "2019.07.24"]
[EventType "swiss"]
[EventRounds "9"]
[EventCountry "ROU"]
[SourceTitle "CBM 191 Extra"]
[Source "ChessBase"]
[SourceDate "2019.09.30"]
[SourceVersion "1"]
[SourceVersionDate "2019.09.30"]
[SourceQuality "1"]

1. d4 d5 2. e3 Nf6 3. Bd3 c5 4. c3 Nc6 5. Nd2 e5 6. dxe5 Nxe5 7. Be2 Bd6 8. Ngf3 Nc6 9. 0-0 0-0 10. b3 Qe7 11. Bb2 Re8 12. Re1 Bf5 13. Nf1 Rad8 14. Ng3 Bc8 15. Bd3 c4 16. Nf5 Bxf5 17. Bxf5 g6 18. Bh3 Ne4 19. g3 Qf6 20. Bg2 Ne5 21. Qe2 Nd3 22. Rf1 Nxc3 23. Qc2 Nxb2 24. Qxb2 Ne4 25. Qxf6 Nxf6 26. bxc4 dxc4 27. Rac1 b5 28. a4 a6 29. axb5 axb5 30. Nd4 Rb8 31. Bc6 Re5 32. Bxb5 Rexb5 33. Nxb5 Rxb5 34. Rxc4 Kg7 35. Kg2 Rb2 36. Rfc1 h5 37. h3 Be5 38. R1c2 Rb3 39. Ra4 Rd3 40. Rca2 Nd5 41. R4a3 Rd1 42. Ra7 Nb4 43. Re2 Nd3 44. Ra5 f5 45. Raa2 Ne1+ 46. Kf1 Bc3 47. f4 Nd3+ 48. Kg2 Nc5 49. g4 hxg4 50. hxg4 fxg4 51. Kg3 Rg1+ 52. Rg2 Re1 53. Rge2 Rg1+ 54. Rg2 Ne4+ 55. Kxg4 Rf1 56. Rac2 Nf6+ 57. Kh3 Nd5 58. Rge2 Rf3+ 59. Kh2 Kf6 60. Rc1 Bb4 61. Kg2 Rxe3 62. Rxe3 Nxe3+ 63. Kf3 Nd5 64. Kg4 Bd2 65. Rc6+ Kf7 66. Rd6 Nf6+ 67. Kf3 Bc1 68. Ra6 Nd5 69. Ra4 Ke6 70. Kg4 Kf6 71. Re4 Bb2 72. Re1 Bc3 73. Re4 Bb2 74. Re1 Bd4 75. Re4 Ne3+ 76. Kf3 Nf5 77. Re8 Bc5 78. Kg4 Ng7 79. Re5 Bd6 80. Re4 Nf5 81. Re1 Nh6+ 82. Kf3 Kf5 83. Re4 Ng8 84. Rd4 Ke6 85. Re4+ Kd5 86. Re1 Ne7 87. Rg1 Ke6 88. Ke4 Kf6 89. Rd1 Nf5 90. Rg1 Bc5 91. Rg2 Bf8 92. Rg1 Nd6+ 93. Kf3 Bh6 94. Rg2 Kf5 95. Rxg6 Kxg6 96. Kg4 Kf6 97. Kg3 Kf5 98. Kf3 Bxf4 99. Kf2 Ke4 100. Kg2 Nf5 101. Kh3 Ne3 102. Kh4 Kf5 103. Kh3 Bd6 104. Kh4 Kf4 105. Kh3 Kf3 106. Kh4 Bf4 107. Kh3 Nd1 108. Kh4 Nf2 109. Kh5 Ke4 110. Kh4 Kf5 111. Kh5 Bg3 112. Kh6 Nh3 113. Kg7 Bd6 114. Kf7 Ng5+ 115. Ke8 Ke6 116. Kd8 Ne4 117. Kc8 Nc5 118. Kd8 Bf4 119. Kc8 Kd6 120. Kb8 Kc6+ 121. Ka7 Ne6 122. Ka8 Kb6 1/2-1/2

[Event "Satu Mare Ferroli op"]
[Site "Satu Mare"]
[Date "2018.11.03"]
[Round "7"]
[White "Mihalca, Imre Gheorghe"]
[Black "Chiheri, Alexandru Virgil"]
[Result "0-1"]
[WhiteElo "1687"]
[BlackElo "1854"]
[PlyCount "70"]
[EventDate "2018.10.30"]
[EventType "swiss"]
[EventRounds "9"]
[EventCountry "ROU"]
[SourceTitle "CBM 187 Extra"]
[Source "ChessBase"]
[SourceDate "2018.11.04"]
[SourceVersion "1"]
[SourceVersionDate "2018.11.04"]
[SourceQuality "1"]

1. e4 c5 2. Nf3 d6 3. d4 cxd4 4. Nxd4 Nf6 5. Nc3 a6 6. Be2 e6 7. Be3 Be7 8. Qd2 Qc7 9. f4 Nbd7 10. 0-0-0 b5 11. Bf3 Bb7 12. e5 dxe5 13. Bxb7 Qxb7 14. Nf3 exf4 15. Bxf4 0-0 16. Bd6 Bxd6 17. Qxd6 Rac8 18. Kb1 Rxc3 19. bxc3 Nd5 20. Rd3 Rc8 21. Rhd1 N7b6 22. Ka1 h6 23. Qe5 Nc4 24. Qe1 Qb6 25. Nd4 Na3 26. Qd2 a5 27. Rc1 b4 28. cxb4 axb4 29. Rb3 Nc3 30. Rxa3 bxa3 31. Nb3 Qc7 32. g3 Rd8 33. Qe3 Rd5 34. Re1 Nd1 35. Qc1 Qc3+ 0-1

[Event "Eforie Nord Seacoast op 27th"]
[Site "Eforie Nord"]
[Date "2017.06.19"]
[Round "1"]
[White "Itkis, Boris"]
[Black "Mihalca, Imre Gheorghe"]
[Result "1-0"]
[WhiteElo "2371"]
[BlackElo "1779"]
[PlyCount "67"]
[EventDate "2017.06.19"]
[EventType "swiss"]
[EventRounds "10"]
[EventCountry "ROU"]
[SourceTitle "CBM 179 Extra"]
[Source "ChessBase"]
[SourceDate "2017.08.23"]
[SourceVersion "1"]
[SourceVersionDate "2017.08.23"]
[SourceQuality "1"]

1. d4 d5 2. c4 Nf6 3. cxd5 e6 4. dxe6 Bxe6 5. Nc3 Nc6 6. e3 Bb4 7. Bd3 Bd5 8. Nf3 Ne4 9. Qc2 Qe7 10. 0-0 Nxc3 11. bxc3 Bxf3 12. gxf3 Bd6 13. f4 g5 14. f5 g4 15. e4 Qh4 16. e5 Bxe5 17. dxe5 Nxe5 18. Re1 f6 19. Bf4 0-0-0 20. Bxe5 fxe5 21. Rxe5 Rd6 22. Re6 Rhd8 23. Rxd6 Rxd6 24. Qe2 Qh3 25. Bc4 Qh5 26. Be6+ Kb8 27. Rd1 Qg5 28. Rxd6 cxd6 29. Qc4 a6 30. Qc8+ Ka7 31. Bd5 Qc1+ 32. Kg2 Qb1 33. f6 h5 34. Qxb7+ 1-0